000 01120cam a2200217 4500
001 ABS66767
008 030618n2003 000 0 eng u
035 _a(Sirsi) u122640
100 _aDryden, R.
245 2 _aA building turns on its access
260 _c2003
490 _aEstates Gazette
_v(0323) 7 June 2003, 127(1)
520 _aExamines issue that commercial buildings and landlords must employ creative solutions by 2004 if they are to avoid costly alterations under the Disability Discrimination Act 1995. Commercial property owners have been slow to comply and risk being forced to pay penalties. Concludes that the cost of alterations is small compared with these penalties.
590 _aABS
650 _aDISABILITY DISCRIMINATION ACT 1995
650 _aMANAGEMENT-BUSINESS MANAGEMENT-DISCRIMINATION-DISABILITY DISCRIMINATION-ACCESSIBILITY
650 _aPROPERTY-COMMERCIAL PROPERTY-COMMERCIAL PROPERTY MANAGEMENT
650 _aMANAGEMENT-BUSINESS MANAGEMENT-DISCRIMINATION-DISABILITY DISCRIMINATION-ACCESSIBILITY-ACCESS AUDITS
690 _aBUILT ENVIRONMENT-CONSTRUCTION DESIGN
942 _n0
999 _c72873
_d72873